| 000 | 00541nam a2200205Ia 4500 | ||
|---|---|---|---|
| 008 | 180207s9999 xx 000 0 und d | ||
| 020 | _a9780395743249 | ||
| 050 | _bK323 1996 | ||
| 100 | _aKemp, Lisa Marie | ||
| 245 | _aOne peaceful pond : | ||
| 245 | _ba counting book / | ||
| 245 | _cby Lisa Marie Kemp ; illustrated Steve Morvell. | ||
| 260 | _aAtlanta : | ||
| 260 | _bHoughton Mifflin Company, | ||
| 260 | _c1996 | ||
| 300 | _a16 pages : | ||
| 300 | _bcolor illustrations ; | ||
| 300 | _c17cm. | ||
| 440 | _aEarly success. | ||
| 999 |
_c355625 _d355625 |
||